000 00582nam a22002297a 4500
003 UA-OsUOA
001 46896
007 ta
008 20070706b un ||||| |||| 00| 0 ukr d
100 _aН.П. Савкина
090 _a7,071,1
_bН11
942 _cBK
040 _aUA-OsUOA
_brus
_cUA-OsUOA
_dUA-OsUOA
245 _aСергей Сергеевич Прокофьев
300 _a112 с.
955 _a2
041 _arus
080 _a7,071,1
260 _aМ.
_bМузыка
_c1981
650 7 _a7 Мистецтво. Ігри. Спорт.
_2UDC
999 _c332999
_d332999